| 000 | 00717 a2200169 4500 | ||
|---|---|---|---|
| 003 | Nust | ||
| 005 | 20221129153931.0 | ||
| 040 | _cNust | ||
| 082 | _a621.3815,MOT | ||
| 100 |
_amotorola _966183 |
||
| 245 |
_aFast static RAM components & module data / _cmotorola |
||
| 260 |
_aUSA _bmotorola litrature _c1995 |
||
| 300 | _avarious paging | ||
| 505 | _aSelector Guide And Cross Reference (Page-1-3), Asynchronous BICMOS Fast SRAMs (Page-2-3), Asynchronous CMOS Fast SRAMs (Page-3-3), Application Specific Fast SRAMs (Page-4-3), BurstRAMs (Page-5-3), Fast SRAMs Modules (Page-6-3), Reliability (Page-7-3), Applications (Page-8-3), Mechanical (Page-9-3). | ||
| 650 | _aTelecommunication engineering | ||
| 942 |
_2ddc _cBK |
||
| 999 |
_c190590 _d190590 |
||